[Event "POR-chT2 final"]
[Site "Evora"]
[Date "2019.07.21"]
[Round "3.1"]
[White "Figueiredo, Helder"]
[Black "Pipiras, Filipa Fortuna"]
[Result "1/2-1/2"]
[WhiteElo "1992"]
[BlackElo "1980"]
[PlyCount "115"]
[EventDate "2019.07.20"]
[EventType "team-tourn"]
[EventRounds "3"]
[EventCountry "POR"]
[SourceTitle "CBM 192 Extra"]
[Source "Chessbase"]
[SourceDate "2019.11.06"]
[SourceVersion "1"]
[SourceVersionDate "2019.11.06"]
[SourceQuality "1"]
[WhiteTeam "Santoantoniense"]
[BlackTeam "Dias Ferreira II"]
[WhiteTeamCountry "POR"]
[BlackTeamCountry "POR"]

1. e4 e5 2. Nf3 Nc6 3. Bb5 a6 4. Ba4 Nf6 5. d3 d6 6. c3 Be7 7. 0-0 0-0 8. Nbd2 b5 9. Bb3 Na5 10. Bc2 c5 11. Re1 Re8 12. Nf1 h6 13. Ng3 Bf8 14. d4 cxd4 15. cxd4 Nc6 16. h3 g6 17. Be3 Bg7 18. dxe5 dxe5 19. Qc1 Kh7 20. Bb3 Qd7 21. Rd1 Qb7 22. Bxf7 Qxf7 23. Qxc6 Bb7 24. Qc2 Rac8 25. Qb1 Bc6 26. Nd2 Bd7 27. Qd3 Be6 28. b3 Red8 29. Qe2 Rc2 30. Rdc1 Rxc1+ 31. Rxc1 Qb7 32. f3 Qd7 33. Ndf1 Qb7 34. Qe1 Rc8 35. Rxc8 Qxc8 36. Qc1 Qxc1 37. Bxc1 a5 38. Kf2 Nd7 39. Be3 Bf8 40. Ke2 a4 41. Nd2 Nc5 42. Bxc5 Bxc5 43. Kd3 axb3 44. axb3 Bb4 45. Ngf1 Kg7 46. Kc2 Kf6 47. Nb1 Bc5 48. Nc3 Bd7 49. Nd5+ Ke6 50. Nfe3 h5 51. Kc3 Bc6 52. Kd3 Kd6 53. g3 Bd7 54. h4 Bc6 55. f4 exf4 56. Nxf4 Be8 57. Nfd5 Ke5 58. Nf4 1/2-1/2

[Event "Lisbon Portugal rapid op"]
[Site "Lisbon"]
[Date "2019.02.10"]
[Round "7"]
[White "Figueiredo, Helder"]
[Black "Eggert, Alberto"]
[Result "0-1"]
[WhiteElo "2002"]
[BlackElo "2132"]
[PlyCount "62"]
[EventDate "2019.02.10"]
[EventType "swiss (rapid)"]
[EventRounds "8"]
[EventCountry "POR"]
[SourceTitle "CBM 188 Extra"]
[Source "ChessBase"]
[SourceDate "2019.02.26"]
[SourceVersion "1"]
[SourceVersionDate "2019.02.26"]
[SourceQuality "1"]

1. e4 c5 2. Nf3 Nc6 3. d4 cxd4 4. Nxd4 Nf6 5. Nc3 e5 6. Ndb5 d6 7. Nd5 Nxd5 8. exd5 Ne7 9. c3 Ng6 10. a4 Be7 11. Bd3 0-0 12. 0-0 a6 13. Na3 f5 14. f4 exf4 15. Nc4 Ne5 16. Rxf4 g5 17. Rf2 f4 18. Nxe5 dxe5 19. Qh5 Rf7 20. d6 Qxd6 21. Rd2 Qc6 22. Bc2 Bf5 23. Bd1 e4 24. Kh1 Bg6 25. Qg4 Bf5 26. Qh5 Qe6 27. b4 Bg6 28. Qh6 f3 29. Rb2 Rd8 30. Bxg5 fxg2+ 31. Kxg2 Rxd1 0-1

[Event "Barreiro op 3rd"]
[Site "Barreiro"]
[Date "2017.10.05"]
[Round "1"]
[White "Figueiredo, Helder"]
[Black "Guia, Artur Solovyov Eloy"]
[Result "1-0"]
[WhiteElo "2039"]
[BlackElo "1478"]
[PlyCount "117"]
[EventDate "2017.10.05"]
[EventType "swiss"]
[EventRounds "7"]
[EventCountry "POR"]
[SourceTitle "CBM 181 Extra"]
[Source "ChessBase"]
[SourceDate "2017.12.12"]
[SourceVersion "1"]
[SourceVersionDate "2017.12.12"]
[SourceQuality "1"]

1. e4 e5 2. Nf3 Nc6 3. d4 exd4 4. Bc4 Nf6 5. 0-0 Nxe4 6. Re1 d5 7. Bxd5 Qxd5 8. Nc3 Qa5 9. Nxe4 Be6 10. Neg5 0-0-0 11. Nxe6 fxe6 12. Rxe6 Bd6 13. Qe2 h6 14. Bd2 Qb6 15. b3 g5 16. Qe4 Rdg8 17. c3 Bc5 18. b4 Bd6 19. Qf5 Kb8 20. a3 Rf8 21. Qd3 g4 22. Nh4 dxc3 23. Be3 Qa6 24. b5 Nb4 25. Qxc3 Bxh2+ 26. Kxh2 Qxe6 27. axb4 b6 28. Qa3 Qe5+ 29. g3 a5 30. bxa5 Rf6 31. axb6 Kc8 32. Rd1 Rd6 33. Bf4 Qe2 34. Qa8+ Kd7 35. Qc6+ Ke6 36. Rxd6+ cxd6 37. Qxd6+ Kf7 38. Qd5+ Kf6 39. Qf5+ Ke7 40. Qe5+ Qxe5 41. Bxe5 Re8 42. b7 Ke6 43. b8Q Rxb8 44. Bxb8 Kd5 45. b6 Kc6 46. Bc7 Kb7 47. Nf5 h5 48. Ng7 h4 49. gxh4 g3+ 50. fxg3 Ka8 51. h5 Kb7 52. h6 Ka8 53. h7 Kb7 54. h8Q Kc6 55. Qe8+ Kb7 56. Qe4+ Kc8 57. Bd6 Kd8 58. Qe7+ Kc8 59. b7# 1-0

[Event "POR-chT"]
[Site "Porto"]
[Date "2015.08.18"]
[Round "4.5"]
[White "Martinez Duany, Lelys Stanley"]
[Black "Figueiredo, Helder"]
[Result "1-0"]
[WhiteElo "2450"]
[BlackElo "2027"]
[PlyCount "47"]
[EventDate "2015.08.16"]
[EventType "team-tourn"]
[EventRounds "9"]
[EventCountry "POR"]
[SourceTitle "EXT 2016"]
[Source "ChessBase"]
[SourceDate "2015.10.08"]
[SourceVersion "1"]
[SourceVersionDate "2015.10.08"]
[SourceQuality "1"]
[WhiteTeam "Dias Ferreira"]
[BlackTeam "Santoantoniense"]
[WhiteTeamCountry "POR"]
[BlackTeamCountry "POR"]

1. Nf3 c5 2. e4 Nc6 3. Bb5 Nd4 4. Nxd4 cxd4 5. c3 a6 6. Bc4 Qc7 7. Bb3 dxc3 8. Nxc3 e6 9. d4 Bb4 10. 0-0 Bxc3 11. bxc3 Ne7 12. Ba3 d6 13. Qd2 0-0 14. Rad1 b5 15. e5 d5 16. Rfe1 Bb7 17. Re3 Rfc8 18. Bc2 Nf5 19. Bxf5 exf5 20. Rg3 Kh8 21. Qg5 Rg8 22. Rh3 Rge8 23. Qxf5 h6 24. Bd6 1-0

[Event "POR-chT"]
[Site "Porto"]
[Date "2015.08.17"]
[Round "2.5"]
[White "Gasik, Anna"]
[Black "Figueiredo, Helder"]
[Result "1-0"]
[WhiteElo "2198"]
[BlackElo "2027"]
[PlyCount "117"]
[EventDate "2015.08.16"]
[EventType "team-tourn"]
[EventRounds "9"]
[EventCountry "POR"]
[SourceTitle "EXT 2016"]
[Source "ChessBase"]
[SourceDate "2015.10.08"]
[SourceVersion "1"]
[SourceVersionDate "2015.10.08"]
[SourceQuality "1"]
[WhiteTeam "Coimbra"]
[BlackTeam "Santoantoniense"]
[WhiteTeamCountry "POR"]
[BlackTeamCountry "POR"]

1. e4 c5 2. Nc3 Nc6 3. g3 g6 4. Bg2 Bg7 5. d3 e6 6. Be3 d6 7. Qd2 Nd4 8. Nd1 e5 9. c3 Ne6 10. Ne2 Ne7 11. d4 0-0 12. d5 Nc7 13. Bh6 f5 14. Bxg7 Kxg7 15. exf5 Nxf5 16. 0-0 Bd7 17. b3 Bb5 18. Ne3 Bxe2 19. Qxe2 Qf6 20. a4 Rae8 21. Be4 Qg5 22. Nc4 Qf6 23. Qd3 h5 24. f4 exf4 25. Rxf4 Re7 26. Raf1 b5 27. Ne3 Qe5 28. Nxf5+ gxf5 29. Bxf5 Qxd5 30. axb5 Qxd3 31. Bxd3 Rxf4 32. Rxf4 Re3 33. Bf1 Rxc3 34. Ra4 Kf6 35. Rxa7 Nxb5 36. Bxb5 Rxb3 37. Be2 d5 38. Ra5 Rc3 39. Bxh5 d4 40. Kf2 c4 41. h4 Rc2+ 42. Ke1 Rg2 43. Rd5 Rxg3 44. Rxd4 c3 45. Kd1 Kg7 46. Kc2 Kh6 47. Be2 Re3 48. Rd6+ Kg7 49. Bd3 Rh3 50. Rg6+ Kf7 51. Rg4 Rh2+ 52. Kxc3 Rh3 53. Kd4 Rh2 54. Ke5 Rh3 55. Bc4+ Kf8 56. Bd5 Rh2 57. Kf6 Rf2+ 58. Kg6 Rf1 59. h5 1-0

[Event "POR-chT"]
[Site "Porto"]
[Date "2015.08.16"]
[Round "1.2"]
[White "Rocha, Sergio MC"]
[Black "Figueiredo, Helder"]
[Result "1-0"]
[WhiteElo "2384"]
[BlackElo "2027"]
[PlyCount "47"]
[EventDate "2015.08.16"]
[EventType "team-tourn"]
[EventRounds "9"]
[EventCountry "POR"]
[SourceTitle "EXT 2016"]
[Source "ChessBase"]
[SourceDate "2015.10.08"]
[SourceVersion "1"]
[SourceVersionDate "2015.10.08"]
[SourceQuality "1"]
[WhiteTeam "Barreirense"]
[BlackTeam "Santoantoniense"]
[WhiteTeamCountry "POR"]
[BlackTeamCountry "POR"]

1. d4 d5 2. c4 e6 3. Nc3 Nf6 4. Nf3 Be7 5. Bf4 0-0 6. c5 c6 7. e3 Nbd7 8. Bd3 b6 9. b4 bxc5 10. bxc5 Qa5 11. Qd2 Nh5 12. 0-0 Qd8 13. Qc2 g6 14. Bh6 Re8 15. Qa4 Nb8 16. Rab1 Bf8 17. Bxf8 Kxf8 18. Ne5 Qc7 19. f4 Ng7 20. e4 h5 21. Rb2 Kg8 22. f5 exf5 23. exd5 Rxe5 24. d6 1-0

[Event "Barreiro op 2nd"]
[Site "Barreiro"]
[Date "2014.04.04"]
[Round "6"]
[White "Sousa, Ricardo Miguel Mora"]
[Black "Figueiredo, Helder"]
[Result "1/2-1/2"]
[WhiteElo "2104"]
[BlackElo "1979"]
[PlyCount "32"]
[EventDate "2014.03.28"]
[EventType "swiss"]
[EventRounds "7"]
[EventCountry "POR"]
[SourceTitle "EXT 2018"]
[Source "ChessBase"]
[SourceDate "2017.10.13"]
[SourceVersion "1"]
[SourceVersionDate "2017.10.13"]
[SourceQuality "1"]

1. e4 e6 2. d3 d5 3. Nd2 c5 4. Ngf3 Nc6 5. g3 Nf6 6. Bg2 Be7 7. 0-0 0-0 8. e5 Nd7 9. Re1 f6 10. exf6 Nxf6 11. b3 Qc7 12. Bb2 Bd6 13. d4 cxd4 14. Nxd4 Nxd4 15. Bxd4 e5 16. Bb2 Bg4 1/2-1/2

[Event "Lisbon Check Mate op 1st"]
[Site "Lisbon"]
[Date "2013.08.15"]
[Round "7.9"]
[White "Cruz, Francisco Manuel Nu"]
[Black "Figueiredo, Helder"]
[Result "0-1"]
[WhiteElo "1849"]
[BlackElo "2010"]
[PlyCount "72"]
[EventDate "2013.08.10"]
[EventType "swiss"]
[EventRounds "7"]
[EventCountry "POR"]
[SourceTitle "EXT 2015"]
[Source "ChessBase"]
[SourceDate "2014.11.20"]
[SourceVersion "1"]
[SourceVersionDate "2014.11.20"]
[SourceQuality "1"]

1. d4 d5 2. c4 e6 3. Nc3 Nf6 4. Bg5 Be7 5. cxd5 exd5 6. Qc2 h6 7. Bh4 0-0 8. e3 Be6 9. Bd3 Nbd7 10. Nge2 Rc8 11. 0-0 c5 12. Bf5 Bxf5 13. Qxf5 Qb6 14. Bxf6 Nxf6 15. dxc5 Qxb2 16. Rab1 Qa3 17. Rxb7 Bxc5 18. Nxd5 Nxd5 19. Qxd5 Bb6 20. Nd4 Rcd8 21. Qc4 Rc8 22. Qd5 Rc5 23. Qb3 Qa6 24. Rd7 Rg5 25. h4 Rg6 26. Nf5 Rf6 27. Ne7+ Kh8 28. Nd5 Rf5 29. Qb4 Re8 30. Qb3 Qe2 31. Nf4 Qg4 32. Rxf7 Rfe5 33. h5 Rg5 34. g3 Bxe3 35. Ng6+ Kh7 36. Rf8 Qxg3+ 0-1

[Event "Lisbon Check Mate op 1st"]
[Site "Lisbon"]
[Date "2013.08.12"]
[Round "4.4"]
[White "Figueiredo, Helder"]
[Black "Pires, Emanuel Joao Robart"]
[Result "1/2-1/2"]
[WhiteElo "2010"]
[BlackElo "2065"]
[PlyCount "142"]
[EventDate "2013.08.10"]
[EventType "swiss"]
[EventRounds "7"]
[EventCountry "POR"]
[SourceTitle "EXT 2015"]
[Source "ChessBase"]
[SourceDate "2014.11.20"]
[SourceVersion "1"]
[SourceVersionDate "2014.11.20"]
[SourceQuality "1"]

1. e4 d6 2. d4 Nf6 3. Bd3 e5 4. c3 Nbd7 5. f4 g6 6. Nf3 Qe7 7. 0-0 Bg7 8. Na3 exd4 9. cxd4 0-0 10. Nb5 Nb8 11. Nc3 Bg4 12. e5 dxe5 13. dxe5 Qc5+ 14. Kh1 Nd5 15. Be4 Nxc3 16. bxc3 Nc6 17. Qb3 Qb6 18. Ba3 Rfd8 19. Ng5 Qxb3 20. axb3 Na5 21. Bb4 Nxb3 22. Bxb7 c5 23. Bxa8 Nxa1 24. Ba5 Rxa8 25. Rxa1 Rb8 26. h3 Bf5 27. Bc7 Rb7 28. Bd6 c4 29. Ra6 h6 30. Nf3 Be4 31. Nd2 Bxg2+ 32. Kxg2 Rb2 33. Bb4 Rxd2+ 34. Kg3 Rd3+ 35. Kg2 g5 36. fxg5 hxg5 37. e6 fxe6 38. Rxe6 Bxc3 39. Bxc3 Rxc3 40. Rg6+ Kf7 41. Rxg5 Ra3 42. Kf2 Ke6 43. Rc5 Ra4 44. Ke2 Kd6 45. Rc8 Kd5 46. Kd2 Ra2+ 47. Kc3 Ra3+ 48. Kc2 a5 49. h4 Rh3 50. Ra8 Kd4 51. Rd8+ Kc5 52. Rc8+ Kb4 53. Rb8+ Ka3 54. h5 Rxh5 55. Kc3 Rh4 56. Rb5 a4 57. Rb1 Ka2 58. Rb2+ Ka1 59. Rb4 a3 60. Rb8 a2 61. Kc2 Rh3 62. Rb4 Rh2+ 63. Kc1 Rh1+ 64. Kc2 Rh2+ 65. Kc1 c3 66. Rb3 Rh3 67. Kc2 Rg3 68. Kc1 Rg1+ 69. Kc2 Rg2+ 70. Kc1 Rb2 71. Rxc3 Rc2+ 1/2-1/2

[Event "POR-ch prel"]
[Site "Lisbon"]
[Date "2013.07.17"]
[Round "3.2"]
[White "Figueiredo, Helder"]
[Black "Santos, Hugo Lima"]
[Result "0-1"]
[WhiteElo "2022"]
[BlackElo "2221"]
[PlyCount "98"]
[EventDate "2013.07.15"]
[EventType "swiss"]
[EventRounds "9"]
[EventCountry "POR"]
[SourceTitle "EXT 2015"]
[Source "ChessBase"]
[SourceDate "2014.11.20"]
[SourceVersion "1"]
[SourceVersionDate "2014.11.20"]
[SourceQuality "1"]

1. e4 e5 2. Nf3 Nf6 3. d4 Nxe4 4. Bd3 d5 5. dxe5 Nc6 6. Bxe4 dxe4 7. Qxd8+ Nxd8 8. Ng5 Bf5 9. Be3 h6 10. Nh3 Nc6 11. Nd2 Nxe5 12. 0-0-0 0-0-0 13. Bf4 Ng6 14. Be3 Nh4 15. Rhg1 Nxg2 16. Rxg2 Bxh3 17. Rg3 Bf5 18. Bf4 Bc5 19. Rxg7 Bg6 20. Rg1 Rd7 21. R7xg6 fxg6 22. Nxe4 Bb6 23. Rxg6 Re8 24. f3 Rf7 25. Bxh6 Rxf3 26. Nf6 Rd8 27. c3 Rf1+ 28. Kc2 Rf2+ 29. Kb3 Rxh2 30. a4 Re2 31. Bg5 Re6 32. Rg7 Be3 33. Bh4 Rb6+ 34. Kc4 Rh8 35. Rg4 Rxh4 36. Rxh4 Rxf6 37. Rh3 Bh6 38. b4 a6 39. Rd3 Rc6+ 40. Kb3 Rd6 41. Rf3 Re6 42. Rd3 Re3 43. Rd4 Bg7 44. Rc4 Kd7 45. a5 Kd6 46. Kc2 Be5 47. Kd2 Rh3 48. Kc2 Rf3 49. Kb2 Rf4 0-1

[Event "Lisbon Honra"]
[Site "Lisbon"]
[Date "2009.06.21"]
[Round "2"]
[White "Neves, Pedro Alexandre Mai"]
[Black "Figueiredo, Helder"]
[Result "1-0"]
[WhiteElo "2009"]
[BlackElo "2002"]
[PlyCount "76"]
[EventDate "2009.06.20"]
[EventType "tourn"]
[EventRounds "9"]
[EventCountry "POR"]
[SourceTitle "EXT 2018"]
[Source "ChessBase"]
[SourceDate "2017.10.13"]
[SourceVersion "1"]
[SourceVersionDate "2017.10.13"]
[SourceQuality "1"]

1. g3 Nf6 2. Bg2 d5 3. d3 c5 4. Nd2 Nc6 5. Ngf3 e5 6. e4 Be7 7. 0-0 0-0 8. h3 Re8 9. c3 Bf8 10. Ne1 dxe4 11. dxe4 Be6 12. Qe2 Qd7 13. Kh2 Rad8 14. Nc2 Qd3 15. Qxd3 Rxd3 16. Ne3 Red8 17. Nf3 h6 18. Ne1 R3d7 19. f4 exf4 20. gxf4 Re7 21. c4 Nd4 22. e5 Nh5 23. Nd5 Red7 24. Be3 Nf5 25. Nc2 b5 26. b3 Rb8 27. Rf2 bxc4 28. bxc4 Rb2 29. Bc1 Rb8 30. Bf3 Bxd5 31. cxd5 g6 32. d6 Nhg7 33. Bd2 Rb2 34. Bc3 Rb6 35. Ba5 Ra6 36. Bc7 Nxd6 37. exd6 Bxd6 38. Bb7 Nh5 1-0

[Event "Barreiro op 12th"]
[Site "Lisbon"]
[Date "2006.12.03"]
[Round "4"]
[White "Figueiredo, Helder"]
[Black "Ulyanovskyy, Viktor"]
[Result "1-0"]
[WhiteElo "1963"]
[BlackElo "2291"]
[PlyCount "104"]
[EventDate "2006.11.29"]
[EventType "swiss"]
[EventRounds "6"]
[EventCountry "POR"]
[SourceTitle "EXT 2022"]
[Source "ChessBase"]
[SourceDate "2021.10.06"]
[SourceVersion "1"]
[SourceVersionDate "2021.10.06"]
[SourceQuality "1"]

1. e4 Nf6 2. Nc3 e5 3. Nf3 d6 4. d4 Nbd7 5. Bc4 Be7 6. 0-0 h6 7. dxe5 dxe5 8. Qe2 c6 9. Rd1 Qc7 10. Nh4 0-0 11. Bb3 Nc5 12. Ng6 Rd8 13. Nxe7+ Qxe7 14. Be3 Bg4 15. f3 Be6 16. Qf2 Nxb3 17. axb3 b6 18. Qg3 Nd7 19. Bxh6 f6 20. Rd6 g5 21. Rxc6 Kh7 22. h4 Kxh6 23. hxg5+ Kh7 24. gxf6 Qxf6 25. Kf2 Qg7 26. Rxe6 Qxg3+ 27. Kxg3 Nc5 28. Re7+ Kg6 29. Nd5 a5 30. Nxb6 Ra6 31. Nd5 Ne6 32. Ra4 Rc8 33. c3 Kh6 34. b4 Rg8+ 35. Kf2 Nf4 36. Nxf4 exf4 37. Rf7 Rag6 38. Rxf4 Rxg2+ 39. Ke3 Rxb2 40. bxa5 Rc8 41. Ra3 Rc2 42. Kd3 Rc1 43. Kd2 Rg1 44. a6 Rg7 45. a7 Ra8 46. Rh4+ Kg6 47. Rg4+ Kf6 48. Rxg7 Kxg7 49. f4 Kf6 50. Ra6+ Ke7 51. f5 Kd7 52. f6 Kc7 1-0

[Event "Lisbon Absoluto AXS op"]
[Site "Lisbon"]
[Date "2006.??.??"]
[Round "4"]
[White "Curado, Manuel Joao Ferro"]
[Black "Figueiredo, Helder"]
[Result "0-1"]
[WhiteElo "1922"]
[BlackElo "1953"]
[PlyCount "64"]
[EventDate "2006.??.??"]
[EventType "swiss"]
[EventRounds "9"]
[EventCountry "POR"]
[SourceTitle "EXT 2008"]
[Source "ChessBase"]
[SourceDate "2007.11.25"]
[SourceVersion "1"]
[SourceVersionDate "2007.11.25"]
[SourceQuality "1"]

1. e4 d5 2. exd5 Nf6 3. d4 Nxd5 4. Nf3 Bg4 5. Be2 e6 6. 0-0 Be7 7. c4 Nb6 8. Be3 0-0 9. Nc3 Nc6 10. b3 Bf6 11. Ne4 h6 12. Nxf6+ Qxf6 13. Qd2 Rfd8 14. Rad1 Rd7 15. h3 Bf5 16. b4 Be4 17. b5 Bxf3 18. gxf3 Ne5 19. Qc3 Nxf3+ 20. Bxf3 Qxf3 21. Kh2 f5 22. Rd3 f4 23. Bc1 Qe2 24. Rg1 Na4 25. Qa3 Nb6 26. Qc3 Qe4 27. f3 Qf5 28. Rg2 Nc8 29. Re2 Nd6 30. Bb2 Nf7 31. d5 Ng5 32. dxe6 Qxd3 0-1

[Event "Lisbon Absoluto AXS op"]
[Site "Lisbon"]
[Date "2006.??.??"]
[Round "5"]
[White "Figueiredo, Helder"]
[Black "Proenca, Ruben Alexandre Est"]
[Result "1/2-1/2"]
[WhiteElo "1953"]
[BlackElo "1932"]
[PlyCount "49"]
[EventDate "2006.??.??"]
[EventType "swiss"]
[EventRounds "9"]
[EventCountry "POR"]
[SourceTitle "EXT 2008"]
[Source "ChessBase"]
[SourceDate "2007.11.25"]
[SourceVersion "1"]
[SourceVersionDate "2007.11.25"]
[SourceQuality "1"]

1. e4 c5 2. Nf3 e6 3. d4 d5 4. exd5 exd5 5. dxc5 Bxc5 6. Be2 Nf6 7. 0-0 0-0 8. Bg5 Be6 9. Nc3 Nbd7 10. Bb5 Qb6 11. Bxd7 Nxd7 12. Na4 Qc6 13. Nxc5 Nxc5 14. Be7 Rfe8 15. Nd4 Qb6 16. Bxc5 Qxc5 17. f4 Bd7 18. c3 Re4 19. Qd2 Rae8 20. Rfe1 Qd6 21. g3 Qe7 22. Kf2 h5 23. Rxe4 dxe4 24. Ke3 g6 25. Qe2 1/2-1/2

[Event "Monte Estoril op"]
[Site "Monte Estoril"]
[Date "2003.12.07"]
[Round "2"]
[White "Figueiredo, Helder"]
[Black "Da Silva, Miguel Gomes"]
[Result "0-1"]
[WhiteElo "2018"]
[BlackElo "1765"]
[PlyCount "78"]
[EventDate "2003.12.06"]
[EventType "swiss"]
[EventRounds "2"]
[EventCountry "POR"]
[SourceTitle "EXT 2005"]
[Source "ChessBase"]
[SourceDate "2004.11.15"]
[SourceVersion "1"]
[SourceVersionDate "2004.11.15"]
[SourceQuality "1"]

1. e4 c5 2. Nf3 d6 3. d4 cxd4 4. Nxd4 Nf6 5. Nc3 g6 6. Be3 Bg7 7. Be2 0-0 8. 0-0 Nc6 9. Qd2 Bd7 10. Rad1 a6 11. f3 Rc8 12. Kh1 b5 13. a3 Ne5 14. Bh6 Nc4 15. Bxc4 bxc4 16. Bxg7 Kxg7 17. Rfe1 Rb8 18. Nd5 e5 19. Nf5+ Bxf5 20. exf5 Nxd5 21. Qxd5 Rxb2 22. fxg6 hxg6 23. Qxc4 Qa5 24. f4 Rb5 25. fxe5 Rxe5 26. Qb4 Rb8 27. Rxe5 Qxb4 28. axb4 dxe5 29. c3 Rc8 30. Rd3 Rc6 31. Kg1 e4 32. Re3 f5 33. Kf2 Kf6 34. g4 Ke5 35. gxf5 gxf5 36. h4 f4 37. Rh3 e3+ 38. Kf3 Rxc3 39. Rh2 e2+ 0-1

[Event "Monte Estoril op"]
[Site "Monte Estoril"]
[Date "2003.12.06"]
[Round "1"]
[White "Ferents, Andrey"]
[Black "Figueiredo, Helder"]
[Result "1-0"]
[WhiteElo "2123"]
[BlackElo "2018"]
[PlyCount "63"]
[EventDate "2003.12.06"]
[EventType "swiss"]
[EventRounds "2"]
[EventCountry "POR"]
[SourceTitle "EXT 2005"]
[Source "ChessBase"]
[SourceDate "2004.11.15"]
[SourceVersion "1"]
[SourceVersionDate "2004.11.15"]
[SourceQuality "1"]

1. d4 d5 2. c4 e6 3. Nc3 Nf6 4. Bg5 Be7 5. cxd5 exd5 6. e3 0-0 7. Bd3 c6 8. Nge2 Ne4 9. Bf4 f5 10. 0-0 Nd7 11. f3 Nxc3 12. bxc3 Bg5 13. e4 fxe4 14. fxe4 dxe4 15. Qb3+ Kh8 16. Bxe4 Bxf4 17. Nxf4 Qg5 18. g3 Nf6 19. Rae1 Bd7 20. Bg2 Qa5 21. Re5 Qb6 22. Qc2 Rae8 23. Kh1 Ng4 24. Rh5 Nh6 25. Be4 Bg4 26. Rg5 Qa6 27. Bd3 Qb6 28. Bxh7 Rxf4 29. gxf4 Re2 30. Qg6 Qc7 31. Rxg4 Nxg4 32. Qxg4 1-0

[Event "Barreiro U18 2nd"]
[Site "Barreiro"]
[Date "2003.09.02"]
[Round "9"]
[White "Barata, Pedro Miguel Ramiao"]
[Black "Figueiredo, Helder"]
[Result "1/2-1/2"]
[WhiteElo "2105"]
[BlackElo "2071"]
[PlyCount "34"]
[EventDate "2003.08.28"]
[EventType "tourn"]
[EventRounds "9"]
[EventCountry "POR"]
[SourceTitle "EXT 2004"]
[Source "ChessBase"]
[SourceDate "2003.11.25"]
[SourceVersion "1"]
[SourceVersionDate "2003.11.25"]
[SourceQuality "1"]

1. e4 c5 2. Nf3 d6 3. d4 cxd4 4. Nxd4 Nf6 5. Nc3 a6 6. Be2 e6 7. Be3 Be7 8. 0-0 0-0 9. a4 Qc7 10. f4 b6 11. Bf3 Bb7 12. Kh1 Nc6 13. e5 dxe5 14. Nxc6 Bxc6 15. Bxc6 Qxc6 16. fxe5 Rad8 17. Qe2 Nd5 1/2-1/2

[Event "POR-ch Aberto"]
[Site "Portugal"]
[Date "2003.??.??"]
[Round "3"]
[White "Figueiredo, Helder"]
[Black "Cruz, Jorge Filipe Egas"]
[Result "0-1"]
[WhiteElo "2070"]
[BlackElo "1605"]
[PlyCount "66"]
[EventDate "2003.??.??"]
[EventType "swiss"]
[EventRounds "9"]
[EventCountry "POR"]
[SourceTitle "EXT 2007"]
[Source "ChessBase"]
[SourceDate "2006.11.23"]
[SourceVersion "1"]
[SourceVersionDate "2006.11.23"]
[SourceQuality "1"]

1. e4 e5 2. Nf3 Nc6 3. d4 exd4 4. Bc4 Bb4+ 5. c3 dxc3 6. 0-0 d6 7. a3 Bc5 8. Nxc3 Nf6 9. b4 Bb6 10. Qb3 0-0 11. Bg5 h6 12. Bh4 a5 13. Rad1 Bg4 14. Nd5 g5 15. Nxb6 Bxf3 16. Qxf3 Ne5 17. Qe2 cxb6 18. Bg3 Qe7 19. Bb3 Rfd8 20. f3 Rac8 21. Rc1 axb4 22. axb4 Rxc1 23. Rxc1 Nc6 24. Qd2 d5 25. exd5 Nxd5 26. b5 Nf4 27. Bxf4 Rxd2 28. Bxd2 Nd4 29. Rc8+ Kh7 30. Bd1 Nxb5 31. Bc2+ Kg7 32. Be4 Qd7 33. Rc2 f5 0-1